| 000 | 01242cam a2200349Ma 4500 | ||
|---|---|---|---|
| 999 |
_c3811 _d3811 |
||
| 001 | .b25932512 | ||
| 003 | OCoLC | ||
| 005 | 20241030173514.0 | ||
| 008 | 161128s2013 enk 000 0 eng | ||
| 020 |
_a9780007420124 _q(pbk.) |
||
| 020 | _a0007420129 | ||
| 035 | _a(OCoLC)765526026 | ||
| 040 |
_aAU@ _beng _cAU@ _dOCLCQ _dOCLCO _dOCLCA _dOCLCQ _dOCLCO _dUKMGB _dOCLCQ _dOCLCO _dYDXCP _dOCLCF _dOCLCO _dRDI _dKH8 |
||
| 041 | 1 |
_aeng _ajpn |
|
| 042 | _anbic | ||
| 082 | 0 | 4 |
_a355.02 TZU _223 |
| 100 | 0 |
_aSunzi, _eauthor. |
|
| 245 | 1 | 4 |
_aThe art of war / _cSun Tzu ; [translated by Lionel Giles] |
| 250 | _aHarper Press paperback edition. | ||
| 260 |
_aLondon : _bHarper Press, _c2013. |
||
| 300 |
_aviii, 96 pages ; _c18 cm. |
||
| 336 |
_atext _btxt _2rdacontent. |
||
| 337 |
_aunmediated _bn _2rdamedia. |
||
| 338 |
_avolume _bnc _2rdacarrier. |
||
| 490 | 0 | _aCollins classics. | |
| 520 | _aClassic fiction. Readers will love reading their favourite classics in this new Collins Classics series. | ||
| 546 | _aTranslated from the Japanese. | ||
| 650 | 0 |
_aMilitary art and science _vEarly works to 1800. |
|
| 650 | 7 |
_aMilitary art and science. _2fast _0(OCoLC)fst01020874. |
|
| 655 | 7 |
_aEarly works. _2fast _0(OCoLC)fst01411636. |
|
| 942 |
_2ddc _cTR |
||